| 000 | 00403nam a22001577a 4500 | ||
|---|---|---|---|
| 999 |
_c9012 _d9012 |
||
| 003 | OSt | ||
| 008 | 200715b ||||| |||| 00| 0 eng d | ||
| 020 | _a1234567152714 | ||
| 100 | _aRao, G Devala | ||
| 245 | _aTextbook of advanced Pharmaceutical | ||
| 250 | _a2013 | ||
| 260 |
_aNew Delhi _bBirla Publications Pvt. Ltd. _c2013 |
||
| 300 | _a1003 | ||
| 650 | _aPharmacy General Books | ||
| 942 |
_2ddc _cBK |
||